000 00847nam a22002417a 4500
003 UA-OsUOA
001 82924
007 ta
008 20120327b un ||||| |||| 00| 0 ukr d
100 _aДраган І.О.
090 _a643/645(477)
_bД72
942 _cBK
040 _aUA-OsUOA
_bukr
_cUA-OsUOA
_dUA-OsUOA
245 _aМодернізація житлово-комунального господарства в Україні: теорія, методологія, практика державного управління
_bмонографія
300 _a401 с.
955 _a1
041 _aukr
080 _a643/645(477)
020 _a978-966-374-575-6
260 _aДонецьк
_bЮго-Восток
_c2010
650 7 _a643/645 Житло. Обладнання і предмети житла
_2UDC
999 _c369238
_d369238